| 000 | 00000nam 2200000zi 4500 |
| 001 | 9.938177 |
| 003 | CaOODSP |
| 005 | 20240719105120 |
| 006 | m o d f |
| 007 | cr cn||||||||| |
| 008 | 240513e202406 oncab ob f000 0 eng d |
| 020 | |a9780660719061 |
| 040 | |aCaOODSP|beng|erda|cCaOODSP |
| 043 | |an-cn--- |
| 086 | 1 |aFs70-6/2024-038E-PDF |
| 245 | 00|aIdentification of vulnerable marine ecosystems on seamounts in the North Pacific Fisheries Commission Convention area using visual surveys and distribution models. |
| 264 | 1|aOttawa : |bCanadian Science Advisory Secretariat, |cJune 2024. |
| 264 | 4|c©2024 |
| 300 | |a1 online resource (18 pages) : |billustrations, maps. |
| 336 | |atext|btxt|2rdacontent |
| 337 | |acomputer|bc|2rdamedia |
| 338 | |aonline resource|bcr|2rdacarrier |
| 490 | 1 |aScience advisory report, |x1919-5087 ; |v2024/038 |
| 500 | |aCaption title. |
| 500 | |aIssued also in French under title: Recensement des écosystèmes marins vulnérables des monts sous-marins dans la zone de la Convention de la Commission des pêches du Pacifique Nord au moyen de relevés visuels et de modèles de répartition. |
| 504 | |aIncludes bibliographical references (pages 15-17). |
| 650 | 0|aSeamounts|zNorth Pacific Ocean. |
| 650 | 0|aMarine ecosystem health|zNorth Pacific Ocean. |
| 710 | 2 |aCanadian Science Advisory Secretariat, |eissuing body. |
| 710 | 1 |aCanada. |bDepartment of Fisheries and Oceans. |bPacific Region, |eissuing body. |
| 775 | 08|tRecensement des écosystèmes marins vulnérables des monts sous-marins dans la zone de la Convention de la Commission des pêches du Pacifique Nord au moyen de relevés visuels et de modèles de répartition. |w(CaOODSP)9.938181 |
| 830 | #0|aScience advisory report (Canadian Science Advisory Secretariat)|x1919-5087 ; |v2024/038.|w(CaOODSP)9.506226 |
| 856 | 40|qPDF|s1.13 MB|uhttps://publications.gc.ca/collections/collection_2024/mpo-dfo/fs70-6/Fs70-6-2024-038-eng.pdf |